| 000 | 01884nam a2200373 i 4500 | ||
|---|---|---|---|
| 003 | CO-ViMGA | ||
| 005 | 20230915224425.0 | ||
| 008 | 201112s2019 ck a|||jr|||| 00| 0 spa d | ||
| 020 | _a9789589924846 | ||
| 040 |
_aCO-ViMGA _bspa _cCO-ViMGA |
||
| 043 | _as-ck--- | ||
| 082 | 0 | 4 |
_a986.103 _bS37e _222 |
| 110 | 1 |
_aSistema de Medios Publicos _gRTVC _9156384 |
|
| 245 | 1 | 3 |
_aEl tiempo del Bicentenario / _cSistema de Medios Publicos ; Equipo historico Elsa Garzon Ruiz... [y otros seis] |
| 250 | _aPrimera edicion | ||
| 300 |
_a[100] paginas plegables _bilustraciones, fotografias _c20 cm + |
||
| 500 | _aEdicion coeditada por las siguientes instituciones colombianas: Fundacion Patrimonio Filmico Colombiano, Fundacion BAT Colombia, Museo Nacional de Colombia e Instituto Colombiano de Antropologia e Historia | ||
| 500 | _aLa segunda caras plegable es una cronologia historica desde 1780 a 2010 en Colombia y el mundo | ||
| 500 | _aLa USB registra las voces de la gran mayoria de los Presidentes de la Republica de Colombia desde 1940 hasta el presente | ||
| 650 | 1 | 7 |
_2LEMB _aMovimientos sociales _xHistoria _zColombia _9156420 |
| 650 | 1 | 7 |
_2LEMB _aMujeres en la politica _xHistoria _zColombia _9156421 |
| 651 | 4 |
_aColombia _xHistoria _xCampaña Libertadora 1818-2020 _xCentenarios _9156480 |
|
| 700 | 1 |
_aArias Escobar, Felipe _eautor _9170295 |
|
| 700 | 1 |
_aNuñez Martinez, Felipe _eautor _9170299 |
|
| 700 | 1 |
_aOchoa Florez, Antonio _eautor _9170296 |
|
| 700 | 1 |
_aPinzon Abendaño, Eduardo _eautor _9170298 |
|
| 700 | 1 |
_aRodriguez Norato, Luis _eautor _9170297 |
|
| 700 | 1 |
_aValencia Llano, Alonso _eautor _9170294 |
|
| 710 | 1 |
_aFundacion BAT. Colombia _967956 |
|
| 710 | 1 |
_aFundacion Patrimonio Filmico de Colombia _9156400 |
|
| 710 | 1 |
_aInstituto Colombiano de Antropologia e Historia _9125117 |
|
| 710 | 1 |
_aMuseo Nacional de Colombia _9156401 |
|
| 942 |
_2ddc _cBK |
||
| 999 |
_c9423 _d9423 |
||